• 首页
  • 本馆介绍
  • 公告通知
  • 最新文献
  • 馆藏检索
  • 电子资源
  • 读者导购
  • 参考咨询
  • 我的图书馆
  • 登录
  • 详细信息显示
  • 放入我的书架
  • 预约/预借图书
  • 作者相关作品
  • 分类相关作品
  • 丛书相关作品
  • 出版社相关作品

书目信息

  • 表格格式
  • 工作单格式
  • 卡片格式
题名:
吕氏春秋
    
 
作者: 吕不韦 著 ;高诱 注
分册:  
出版信息: 上海   上海古籍出版社  1989.3
页数: 233页
开本: 20cm
丛书名: 诸子百家丛书
单 册:
中图分类: B229.21
科图分类:
主题词: 杂家
电子资源:
ISBN: 7-5325-0614-2
000 00700nam2 2200253 45
001 0190014824
005 20060410160201.42
010    @a7-5325-0614-2@dCNY3.35
100    @a19921223d1989 ekmy0chiy0121 ea
101 0  @achi
102    @aCN@b310000
105    @ay z 000yy
200 10 @a吕氏春秋@Alu shi chun qiu@f(战国)吕不韦著@F(zhan guo)lu bu wei zhu@g高诱注
205    @b影印本
210    @a上海@c上海古籍出版社@d1989.3
215    @a233页@d20cm
225 2  @a诸子百家丛书
410  0 @120010@a诸子百家丛书
606    @a杂家
690    @aB229.21@v三版
701  0 @a吕不韦@Alu bu wei@4著
702  0 @a高诱@AGao You@4注
801  0 @aCN@bNLC@c20060410
905    @f2@b220121-122@dB229.21@e92
    
    吕氏春秋/(战国)吕不韦著/高诱注.-影印本.-上海:上海古籍出版社,1989.3
    233页;20cm.-(诸子百家丛书)
    
    
    ISBN 7-5325-0614-2:CNY3.35
    
●
相关链接 在E读中查询图书 在五车中查询图书 在当当中查询图书 在豆瓣中查询图书


正题名:吕氏春秋     索取号:B229.21/92         预约/预借

序号 登录号 条形码 馆藏地/架位号 状态 备注
1 0220121   000508481   密集书库/ [索取号:B229.21/92] 在馆    
2 0220122   000508490   第一样本阅览室/ [索取号:B229.21/92] 在馆    
3 0220123   202231735   密集书库/ [索取号:B229.21/92] 在馆    
唐山师范学院图书馆 欢迎您!
大连网信软件有限公司© 版权所有